|
|
|
|
| LEADER |
01392nam a2200301 4500 |
| 001 |
c000139457 |
| 003 |
CARM |
| 005 |
00000000000000.0 |
| 008 |
700505s1968 enkaf b 10000 eng |
| 015 |
|
|
|a B69-19529
|
| 019 |
1 |
|
|a 475692
|z 9394828
|z 6526056
|z 45910514
|z 55554698
|5 LACONCORD2021
|
| 035 |
|
|
|a (OCoLC)69210
|5 LACONCORD2021
|
| 050 |
0 |
0 |
|a QD381
|b .I55 1967
|
| 082 |
0 |
0 |
|a 547/.84
|
| 111 |
2 |
0 |
|a International Symposium on the Solution Properties of Natural Polymers,
|c University of Edinburgh,
|d 1967.
|
| 245 |
1 |
0 |
|a Solution properties of natural polymers:
|b an international symposium held at Edinburgh on 25th-28th July 1967;
|c organised by the Chemical Society.
|
| 260 |
|
|
|a London,
|b Chemical Society,
|c 1968.
|
| 300 |
|
|
|a viii, 333 p., 10 plates.
|b illus.
|c 23 cm.
|
| 490 |
1 |
|
|a Chemical Society, London. Special publication
|v no. 23
|
| 504 |
|
|
|a Includes bibliographical references.
|
| 650 |
|
0 |
|a Polymers
|x Congresses.
|
| 650 |
|
0 |
|a Solution (Chemistry)
|x Congresses.
|
| 710 |
2 |
0 |
|a University of Edinburgh.
|
| 710 |
2 |
0 |
|a Chemical Society (Great Britain)
|
| 830 |
|
0 |
|a Special publication (Royal Society of Chemistry (Great Britain)) ;
|v no. 23.
|
| 852 |
8 |
|
|b CARM
|h A2:AE22C0
|i B00632
|p 0032549
|f BK
|
| 999 |
f |
f |
|i 09a30141-6309-5c32-abf0-527ad5ee653d
|s 849e7c63-9b1d-586a-bee1-d7ae82619960
|
| 952 |
f |
f |
|p Can circulate
|a CAVAL
|b CAVAL
|c CAVAL
|d CARM 1 Store
|e B00632
|f A2:AE22C0
|h Other scheme
|i book
|m 0032549
|